000 00865nam a22002297a 4500
999 _c19968
_d19968
003 AR-CdUCM
008 190524b ||||| |||| 00| 0 spa d
040 _aMUNICIPALIDAD PROVINCIAL DEL CUSCO
_cBIBLIOTECA MUNICIPAL DEL CUSCO
082 _a985.004 /
_bM123
100 _aMacera Dall'Orso, Pablo
_916458
245 _aVisión histórica del Perú :
_bdel paleolítico al proceso de 1968 /
260 _aLima :
_bMilla Batres,
_c1978
300 _a272 páginas ;
_bFotografías,
_c21 cm.
500 _aEdición dedicada a José Maria Arguedas hombre esencial del Perú profundo
505 _aContenido: Historia del Perú.
650 _aEconomía
_9382
650 _aEnsayos, conferencias
_91255
650 _aHistoria
_9136
700 _aMilla Batres, Carlos (edición, ilustraciones y epígrafes)
_941779
942 _2ddc
_cLIBROS
945 _adavv
_d2019-05-24